Kirjaimen X sisältävää maantiedettä - Statistics

Yleistilastot
  • Tätä visaa on pelattu 417 kertaa
  • Keskiarvotulos 8 / 18
Vastaustilastot
Vihje Vastaus % Oikein
Meksikon pääkaupunki México
99%
Yhdysvaltain toiseksi suurin osavaltio Texas
91%
Englannin vanhin yliopisto Oxford
86%
Euroopan unionin toiseksi pienin valtio väkiluvulla mitattuna Luxemburg
82%
Maailman viinipääkaupunkina tunnettu Ranskan kaupunki Bordeaux
57%
Arizonan osavaltion pääkaupunki Phoenix
55%
Kuninkaiden laakso sijaitsee tässä Egyptin kaupungissa Luxor
53%
Terrakotta-armeijastaan tunnettu Kiinan entinen pääkaupunki Xi'an
48%
Nelson Mandelan äidinkieli ja yksi Etelä-Afrikan 11 virallisesta kielestä Xhosa
37%
Nova Scotian pääkaupunki Halifax
34%
Muinainen kuningaskunta ja nykyinen kreivikunta Englannin kaakkoisosissa Essex
32%
Vuoden 1924 talviolympialaiset järjestänyt kaupunki Ranskan Alpeilla Chamonix
29%
Suuri Kiinan kaupunki Taiwaninsalmen rannalla, tunnettiin aiemmin nimellä Amoy Xiamen
29%
Tunisian toiseksi suurin kaupunki Sfax
15%
Osavaltio Meksikon eteläosissa, tunnetaan mole-kastikkeestaan Oaxaca
13%
Uiguurien autonominen alue Kiinassa Xinjiang
13%
Espanjan itsehallintoalue Andalusian sekä Kastilia ja Leónin välissä Extremadura
8%
Tämä Amazonin sivujoki on noin neljä kertaa pidempi kuin mikään joki Suomessa Xingu
5%
Ehtoja vastaavia visoja ei löytynyt
Tulosjakauma
Jokaisen tuloksen saaneiden osuus
Persentiili vastausten määrän mukaan
Tuloshistoriasi
Et ole pelannut tätä visaa